LEADER 01326nam--2200421---450- 001 990005943290203316 005 20140411105352.0 010 $a978-88-8416-443-8 035 $a000594329 035 $aUSA01000594329 035 $a(ALEPH)000594329USA01 035 $a000594329 100 $a20140411d2014----km-y0itay50------ba 101 0 $aita$ager 102 $aIT 105 $aa---||||001yy 200 1 $aArchitettura gotica e filosofia scolastica$fErwin Panofsky$ga cura di Francesco Starace 210 $aMilano$cAbscondita$d2014 215 $a148 p.$cill.$d22 cm 225 2 $aAesthetica$v10 410 0$12001$aAesthetica$v10 454 0$12001$aGothic architecture and scholasticism$913765 606 0 $aArchitettura gotica$2BNCF 676 $a723.5 700 1$aPANOFSKY,$bErwin$010910 702 1$aSTARACE,$bFrancesco 801 0$aIT$bsalbc$gISBD 912 $a990005943290203316 951 $aXII.2.D. 1038$b244692$cXII.2.D.$d00354035 959 $aBK 969 $aUMA 979 $aPASSARO$b90$c20140411$lUSA01$h1046 979 $aPASSARO$b90$c20140411$lUSA01$h1048 979 $aPASSARO$b90$c20140411$lUSA01$h1052 979 $aPASSARO$b90$c20140411$lUSA01$h1052 979 $aPASSARO$b90$c20140411$lUSA01$h1053 996 $aGothic architecture and scholasticism$913765 997 $aUNISA LEADER 01159nam--2200349---450 001 990000697630203316 005 20200615074530.0 010 $a3-598-20676-3 035 $a0069763 035 $aUSA010069763 035 $a(ALEPH)000069763USA01 035 $a0069763 100 $a20011019d1996----km-y0itay0103----ba 101 $aeng 101 $afre 102 $aDE 105 $a||||||||001yy 200 1 $aIFLA annual, 1995$eproceedings of the 61th General Conference$eInstabul, 1993$eannual reports$dActes de la 61ème Session du Conseil et de la Conférence générale : Instanbul, 1995 : rapports annuels 210 $aMünchen$cSaur$d1996 215 $a24 cm 300 $aIn testa al frontespizio: International Federation of Library Association and Institutions 410 $12001 606 0 $aBibliotecari$xAssociazioni$xCongressi$z1996 676 $a020.621 710 12$aIFLA General Conference <61 ; 1995 ; Instanbul>$0549059 801 0$aIT$bsalbc$gISBD 912 $a990000697630203316 951 $aI.2.B. 357(IL i V 61)$b12859 G$cIL i V 959 $aBK 969 $aGIU 996 $aIFLA annual, 1995$9961794 997 $aUNISA